[Event "HUN-chT2 Barcza 1819"]
[Site "Hungary"]
[Date "2018.10.28"]
[Round "3.6"]
[White "Adorjan, Attila"]
[Black "Radics, Laszlo"]
[Result "1/2-1/2"]
[WhiteElo "1951"]
[BlackElo "1869"]
[PlyCount "34"]
[EventDate "2018.09.23"]
[EventType "team-tourn"]
[EventRounds "11"]
[EventCountry "HUN"]
[SourceTitle "CBM 189 Extra"]
[Source "ChessBase"]
[SourceDate "2019.06.03"]
[SourceVersion "1"]
[SourceVersionDate "2019.06.03"]
[SourceQuality "1"]
[WhiteTeam "Debrecen Sakkiskola"]
[BlackTeam "Tiszavasvar"]
[WhiteTeamCountry "HUN"]
[BlackTeamCountry "HUN"]

1. e4 c5 2. Nc3 Nc6 3. g3 g6 4. Bg2 Bg7 5. d3 d6 6. Be3 e6 7. Qd2 Nd4 8. f4 Ne7 9. Nf3 Rb8 10. 0-0 b5 11. Rae1 0-0 12. g4 f5 13. gxf5 exf5 14. Ne2 Nxf3+ 15. Bxf3 Bb7 16. Nc3 Qc7 17. Qg2 b4 1/2-1/2

[Event "Zalakaros op 37th"]
[Site "Zalakaros"]
[Date "2018.05.29"]
[Round "5"]
[White "Csala, Imre"]
[Black "Radics, Laszlo"]
[Result "1-0"]
[WhiteElo "2093"]
[BlackElo "1881"]
[PlyCount "63"]
[EventDate "2018.05.25"]
[EventType "swiss"]
[EventRounds "9"]
[EventCountry "HUN"]
[SourceTitle "EXT 2019"]
[Source "ChessBase"]
[SourceDate "2018.10.10"]
[SourceVersion "1"]
[SourceVersionDate "2018.10.10"]
[SourceQuality "1"]

1. d3 e5 2. g3 f5 3. Bg2 Nf6 4. c4 Nc6 5. Nc3 Be7 6. a3 a5 7. Nd5 0-0 8. e3 b6 9. Ne2 Bb7 10. Nec3 Nxd5 11. Nxd5 Rb8 12. Bd2 Bf6 13. 0-0 Ne7 14. Rc1 c6 15. Nxf6+ Rxf6 16. c5 b5 17. Bc3 Qc7 18. f4 Ng6 19. Qd2 Ra8 20. e4 b4 21. Bxe5 Nxe5 22. fxe5 Qxe5 23. d4 Qe8 24. e5 Rf8 25. axb4 axb4 26. Qxb4 Ba6 27. Rfe1 f4 28. e6 fxg3 29. hxg3 Rb8 30. Qa3 Bc8 31. e7 Rf7 32. Qa7 1-0

[Event "Zalakaros op 37th"]
[Site "Zalakaros"]
[Date "2018.05.25"]
[Round "1"]
[White "Ianov, Viktor"]
[Black "Radics, Laszlo"]
[Result "1-0"]
[WhiteElo "2285"]
[BlackElo "1881"]
[PlyCount "47"]
[EventDate "2018.05.25"]
[EventType "swiss"]
[EventRounds "9"]
[EventCountry "HUN"]
[SourceTitle "EXT 2019"]
[Source "ChessBase"]
[SourceDate "2018.10.10"]
[SourceVersion "1"]
[SourceVersionDate "2018.10.10"]
[SourceQuality "1"]

1. Nf3 f5 2. c4 Nf6 3. g3 g6 4. Bg2 Bg7 5. Nc3 d6 6. d3 Nc6 7. Rb1 0-0 8. b4 e5 9. b5 Ne7 10. a4 h6 11. Nd2 Rb8 12. a5 e4 13. dxe4 Ng4 14. Bb2 Bd4 15. 0-0 f4 16. Nf3 Bg7 17. Nd5 Bxb2 18. Rxb2 fxg3 19. hxg3 Be6 20. Qd4 g5 21. e5 Qe8 22. exd6 Nxd5 23. cxd5 Qh5 24. Rc1 1-0

[Event "HUN-chT2 Barcza 1718"]
[Site "Hungary"]
[Date "2018.03.25"]
[Round "10.5"]
[White "Radics, Laszlo"]
[Black "Ecsedi, Sandor"]
[Result "1/2-1/2"]
[WhiteElo "1948"]
[BlackElo "1998"]
[PlyCount "30"]
[EventDate "2017.09.24"]
[EventType "team-tourn"]
[EventRounds "11"]
[EventCountry "HUN"]
[SourceTitle "EXT 2021"]
[Source "ChessBase"]
[SourceDate "2020.10.23"]
[SourceVersion "1"]
[SourceVersionDate "2020.10.23"]
[SourceQuality "1"]
[WhiteTeam "Tiszavasvar"]
[BlackTeam "Hajduszoboszlo"]
[WhiteTeamCountry "HUN"]
[BlackTeamCountry "HUN"]

1. e4 c5 2. c4 Nc6 3. Nc3 g6 4. g3 Bg7 5. Bg2 e6 6. Nge2 Nge7 7. 0-0 0-0 8. Rb1 d6 9. d3 Bd7 10. a3 a5 11. Be3 e5 12. Nb5 Be6 13. Nec3 Nd4 14. Bxd4 exd4 15. Nd5 Bxd5 1/2-1/2

[Event "HUN-chT2 Toth 1718"]
[Site "Hungary"]
[Date "2017.12.03"]
[Round "5.7"]
[White "Radics, Laszlo"]
[Black "Kovacs, Robert"]
[Result "1/2-1/2"]
[WhiteElo "1870"]
[BlackElo "2064"]
[PlyCount "27"]
[EventDate "2017.09.24"]
[EventType "team-tourn"]
[EventRounds "11"]
[EventCountry "HUN"]
[SourceTitle "EXT 2021"]
[Source "ChessBase"]
[SourceDate "2020.10.23"]
[SourceVersion "1"]
[SourceVersionDate "2020.10.23"]
[SourceQuality "1"]
[WhiteTeam "Szentes Integral"]
[BlackTeam "Karcag"]
[WhiteTeamCountry "HUN"]
[BlackTeamCountry "HUN"]

1. d4 d5 2. Bf4 Nf6 3. Nd2 Bf5 4. e3 e6 5. Ngf3 Bd6 6. Bg3 0-0 7. Be2 c5 8. c3 Ne4 9. Nh4 Nxg3 10. hxg3 Bg6 11. f4 Nd7 12. g4 f6 13. Nxg6 hxg6 14. Bd3 1/2-1/2

[Event "HUN-chT2 Barcza 1718"]
[Site "Hungary"]
[Date "2017.11.26"]
[Round "4.5"]
[White "Radics, Laszlo"]
[Black "Filep, Ferenc"]
[Result "1/2-1/2"]
[WhiteElo "1948"]
[BlackElo "2008"]
[PlyCount "27"]
[EventDate "2017.09.24"]
[EventType "team-tourn"]
[EventRounds "11"]
[EventCountry "HUN"]
[SourceTitle "EXT 2021"]
[Source "ChessBase"]
[SourceDate "2020.10.23"]
[SourceVersion "1"]
[SourceVersionDate "2020.10.23"]
[SourceQuality "1"]
[WhiteTeam "Tiszavasvar"]
[BlackTeam "Bajnok Sakkiskola"]
[WhiteTeamCountry "HUN"]
[BlackTeamCountry "HUN"]

1. e4 Nf6 2. e5 Nd5 3. d4 d6 4. Nf3 Bg4 5. exd6 exd6 6. Be2 Nc6 7. 0-0 Be7 8. c4 Nb6 9. b3 0-0 10. Bb2 d5 11. Ne5 Nxe5 12. dxe5 Be6 13. Nd2 f6 14. cxd5 1/2-1/2

[Event "HUN-chT2 Barcza 1718"]
[Site "Hungary"]
[Date "2017.10.08"]
[Round "2.4"]
[White "Szilagyi, Norbert"]
[Black "Radics, Laszlo"]
[Result "0-1"]
[WhiteElo "2109"]
[BlackElo "1948"]
[PlyCount "78"]
[EventDate "2017.09.24"]
[EventType "team-tourn"]
[EventRounds "11"]
[EventCountry "HUN"]
[SourceTitle "EXT 2021"]
[Source "ChessBase"]
[SourceDate "2020.10.23"]
[SourceVersion "1"]
[SourceVersionDate "2020.10.23"]
[SourceQuality "1"]
[WhiteTeam "Debrecen Sakkiskola II"]
[BlackTeam "Tiszavasvar"]
[WhiteTeamCountry "HUN"]
[BlackTeamCountry "HUN"]

1. e4 Nc6 2. d4 e5 3. d5 Nce7 4. Nf3 Ng6 5. h4 h5 6. c4 Bc5 7. Nc3 Nh6 8. Bxh6 Rxh6 9. Qd2 Qe7 10. 0-0-0 d6 11. Qc2 Bd7 12. Rd2 a6 13. Qb3 0-0-0 14. g3 Nf8 15. Ne1 Rf6 16. Nd3 Bd4 17. Bg2 Bg4 18. Re1 Nd7 19. Na4 Nc5 20. Naxc5 dxc5 21. f4 exf4 22. Nxf4 Rb6 23. Qa3 g5 24. hxg5 Qxg5 25. Bf3 h4 26. Bxg4+ Qxg4 27. Qd3 hxg3 28. Ng2 Qg7 29. e5 Kb8 30. Qf5 Rh8 31. Rde2 Rh2 32. b3 Bf2 33. e6 fxe6 34. dxe6 Rxe6 35. Qxe6 Rxg2 36. Rd1 Qc3+ 37. Kb1 Bd4 38. Qe8+ Ka7 39. Rxd4 Rg1+ 0-1

[Event "HUN-chT2 Toth 1718"]
[Site "Hungary"]
[Date "2017.09.24"]
[Round "1.8"]
[White "Radics, Laszlo"]
[Black "Brhlik, Gyorgy"]
[Result "1/2-1/2"]
[WhiteElo "1870"]
[BlackElo "1914"]
[PlyCount "32"]
[EventDate "2017.09.24"]
[EventType "team-tourn"]
[EventRounds "11"]
[EventCountry "HUN"]
[SourceTitle "EXT 2021"]
[Source "ChessBase"]
[SourceDate "2020.10.23"]
[SourceVersion "1"]
[SourceVersionDate "2020.10.23"]
[SourceQuality "1"]
[WhiteTeam "Szentes Integral"]
[BlackTeam "Bekes"]
[WhiteTeamCountry "HUN"]
[BlackTeamCountry "HUN"]

1. d4 d5 2. Nf3 Nf6 3. Bf4 Bf5 4. e3 Nbd7 5. Nbd2 e6 6. Be2 c5 7. c3 Be7 8. 0-0 0-0 9. Nh4 Bg6 10. Nxg6 hxg6 11. Nf3 Nh5 12. Bg3 Nxg3 13. hxg3 a6 14. a4 Rc8 15. Qd2 Nf6 16. Bd3 cxd4 1/2-1/2

[Event "HUN-chT2 Barcza 1617"]
[Site "Hungary"]
[Date "2017.03.12"]
[Round "10.4"]
[White "Papp, Abel"]
[Black "Radics, Laszlo"]
[Result "1/2-1/2"]
[WhiteElo "2143"]
[BlackElo "1940"]
[PlyCount "55"]
[EventDate "2016.09.25"]
[EventType "team-tourn"]
[EventRounds "11"]
[EventCountry "HUN"]
[SourceTitle "EXT 2021"]
[Source "ChessBase"]
[SourceDate "2020.10.23"]
[SourceVersion "1"]
[SourceVersionDate "2020.10.23"]
[SourceQuality "1"]
[WhiteTeam "Lillafured DVTK II"]
[BlackTeam "Tiszavasvar"]
[WhiteTeamCountry "HUN"]
[BlackTeamCountry "HUN"]

1. e4 e5 2. Nf3 Nc6 3. Bc4 Nf6 4. d3 Bc5 5. c3 d6 6. Bb3 0-0 7. Nbd2 a6 8. h3 h6 9. Nf1 d5 10. Qe2 d4 11. Ng3 Be6 12. Bxe6 fxe6 13. c4 Bb4+ 14. Bd2 Bxd2+ 15. Qxd2 Qe8 16. b4 Nd7 17. 0-0 Ne7 18. Ne1 Ng6 19. Ne2 Nf4 20. Kh2 Qg6 21. g3 Nxe2 22. Qxe2 Rf6 23. Ng2 Raf8 24. f4 Qf7 25. Rf2 g5 26. Raf1 exf4 27. gxf4 Ne5 28. Kg1 1/2-1/2

[Event "HUN-chT2 Toth 1617"]
[Site "Hungary"]
[Date "2016.11.27"]
[Round "5.8"]
[White "Martonosi, Adam"]
[Black "Radics, Laszlo"]
[Result "1-0"]
[WhiteElo "1844"]
[BlackElo "1902"]
[PlyCount "69"]
[EventDate "2016.09.25"]
[EventType "team-tourn"]
[EventRounds "11"]
[EventCountry "HUN"]
[SourceTitle "EXT 2021"]
[Source "ChessBase"]
[SourceDate "2020.10.23"]
[SourceVersion "1"]
[SourceVersionDate "2020.10.23"]
[SourceQuality "1"]
[WhiteTeam "Mako Duocor II"]
[BlackTeam "Szentes Integral"]
[WhiteTeamCountry "HUN"]
[BlackTeamCountry "HUN"]

1. d4 Nf6 2. Nf3 e6 3. c4 d5 4. Nc3 b6 5. b3 Bb7 6. e3 Nbd7 7. Bd3 c5 8. 0-0 Be7 9. Bb2 0-0 10. Qe2 Rc8 11. Rac1 Re8 12. Rfd1 cxd4 13. exd4 Bb4 14. Ne5 Qe7 15. Nb5 a6 16. Na7 Ra8 17. Nac6 Qd6 18. Nxb4 Qxb4 19. Nf3 dxc4 20. Rxc4 Qd6 21. Ne5 b5 22. Rc2 Nd5 23. Bxh7+ Kf8 24. Be4 N7f6 25. Qf3 Re7 26. Bxd5 Bxd5 27. Qe2 g6 28. Rdc1 Kg7 29. f3 Rh8 30. Rc8 Rh7 31. Qc2 Nd7 32. Qc7 Qb4 33. Nxd7 Qd2 34. Qe5+ Kh6 35. R8c2 1-0

[Event "HUN-chT2 Toth 1617"]
[Site "Hungary"]
[Date "2016.11.13"]
[Round "4.9"]
[White "Molnar, Tibor"]
[Black "Radics, Laszlo"]
[Result "1/2-1/2"]
[WhiteElo "1690"]
[BlackElo "1902"]
[PlyCount "69"]
[EventDate "2016.09.25"]
[EventType "team-tourn"]
[EventRounds "11"]
[EventCountry "HUN"]
[SourceTitle "EXT 2021"]
[Source "ChessBase"]
[SourceDate "2020.10.23"]
[SourceVersion "1"]
[SourceVersionDate "2020.10.23"]
[SourceQuality "1"]
[WhiteTeam "Nadudvar"]
[BlackTeam "Szentes Integral"]
[WhiteTeamCountry "HUN"]
[BlackTeamCountry "HUN"]

1. d4 f5 2. Nf3 Nf6 3. c4 e6 4. Nc3 c6 5. Qc2 d5 6. c5 a5 7. Bg5 Be7 8. e3 0-0 9. Be2 Bd7 10. Ne5 Be8 11. f4 Nbd7 12. 0-0 Nxe5 13. fxe5 Ne4 14. Bxe7 Qxe7 15. Nxe4 fxe4 16. Rxf8+ Kxf8 17. Rf1+ Kg8 18. Bg4 Bd7 19. a4 Rf8 20. Qe2 Rxf1+ 21. Kxf1 Qd8 22. Qd2 b6 23. Bd1 bxc5 24. dxc5 Qc7 25. Qc3 Kf7 26. Bh5+ g6 27. Be2 g5 28. g4 Ke7 29. Ke1 Kd8 30. Ba6 Bc8 31. Be2 Bb7 32. Kf2 Kc8 33. Kg2 Kb8 34. b4 axb4 35. Qxb4 1/2-1/2

[Event "HUN-chT2 Barcza 1617"]
[Site "Hungary"]
[Date "2016.10.09"]
[Round "2.4"]
[White "Radics, Laszlo"]
[Black "Orban, Vasile Gheorghe"]
[Result "1-0"]
[WhiteElo "1940"]
[BlackElo "2026"]
[PlyCount "67"]
[EventDate "2016.09.25"]
[EventType "team-tourn"]
[EventRounds "11"]
[EventCountry "HUN"]
[SourceTitle "EXT 2021"]
[Source "ChessBase"]
[SourceDate "2020.10.23"]
[SourceVersion "1"]
[SourceVersionDate "2020.10.23"]
[SourceQuality "1"]
[WhiteTeam "Tiszavasvar"]
[BlackTeam "Hajduszoboszlo"]
[WhiteTeamCountry "HUN"]
[BlackTeamCountry "HUN"]

1. e4 e6 2. d3 d5 3. Nd2 Nd7 4. Ngf3 c6 5. g3 Bd6 6. Bg2 Qc7 7. d4 dxe4 8. Nxe4 Ngf6 9. Nxd6+ Qxd6 10. 0-0 0-0 11. c4 Qb4 12. Qc2 c5 13. a3 Qb6 14. b4 cxb4 15. axb4 Re8 16. Bd2 Nf8 17. b5 Bd7 18. Rfb1 Qc7 19. Ne5 Ng6 20. Nxd7 Nxd7 21. Ba5 Qc8 22. Qb3 Rb8 23. c5 e5 24. Bb4 a6 25. c6 bxc6 26. bxc6 Nb6 27. d5 e4 28. Rxa6 Qxa6 29. d6 Nf8 30. Bc5 Nc4 31. Qxb8 Rxb8 32. Rxb8 Qa1+ 33. Bf1 Nd2 34. Rxf8+ 1-0

[Event "HUN-chT Csongrad Region"]
[Site "Hungary"]
[Date "2016.04.24"]
[Round "9.4"]
[White "Nagy Dani, Karoly"]
[Black "Radics, Laszlo"]
[Result "0-1"]
[WhiteElo "1867"]
[BlackElo "1904"]
[PlyCount "104"]
[EventDate "2015.09.20"]
[EventType "team-tourn"]
[EventRounds "9"]
[EventCountry "HUN"]
[SourceTitle "EXT 2017"]
[Source "ChessBase"]
[SourceDate "2016.10.25"]
[SourceVersion "1"]
[SourceVersionDate "2016.10.25"]
[SourceQuality "1"]

1. d4 f5 2. c4 Nf6 3. Nc3 e6 4. Nf3 d5 5. a3 a5 6. Bg5 Be7 7. e3 0-0 8. Ne5 Ne4 9. Bxe7 Qxe7 10. cxd5 Nxc3 11. bxc3 exd5 12. c4 Be6 13. Qf3 c6 14. c5 Nd7 15. Nd3 b5 16. Be2 h6 17. Qg3 Ra7 18. 0-0 Kh8 19. f3 g5 20. Rac1 Bg8 21. Qf2 Re8 22. e4 fxe4 23. fxe4 dxe4 24. Ne5 Nxe5 25. dxe5 Qxe5 26. Qf6+ Qxf6 27. Rxf6 Bd5 28. Rxh6+ Rh7 29. Rd6 Re6 30. Rd8+ Kg7 31. Rf1 Rf6 32. Rd7+ Bf7 33. Rxf6 Kxf6 34. Rd6+ Ke5 35. Rxc6 Bc4 36. Bg4 Rf7 37. h3 e3 38. Rc8 Re7 39. Rd8 Rc7 40. Re8+ Kd4 41. Bf3 Rxc5 42. Rd8+ Kc3 43. Re8 Kd2 44. Rd8+ Bd3 45. Be4 Rc1+ 46. Kh2 Rc3 47. Bf3 Rxa3 48. Rd5 e2 49. Bxe2 Kxe2 50. Rxg5 b4 51. h4 b3 52. Re5+ Kd2 0-1

[Event "HUN-chT Csongrad Region"]
[Site "Hungary"]
[Date "2016.04.10"]
[Round "8.2"]
[White "Kurucz, Gergely"]
[Black "Radics, Laszlo"]
[Result "1/2-1/2"]
[WhiteElo "1618"]
[BlackElo "1904"]
[PlyCount "186"]
[EventDate "2015.09.20"]
[EventType "team-tourn"]
[EventRounds "9"]
[EventCountry "HUN"]
[SourceTitle "EXT 2017"]
[Source "ChessBase"]
[SourceDate "2016.10.25"]
[SourceVersion "1"]
[SourceVersionDate "2016.10.25"]
[SourceQuality "1"]

1. e4 c5 2. g3 Nc6 3. Bg2 d6 4. c3 e5 5. d3 f5 6. Ne2 Nf6 7. f3 Be7 8. Be3 0-0 9. 0-0 Rb8 10. Na3 a6 11. Nc2 Na5 12. b3 b5 13. d4 fxe4 14. fxe4 Bb7 15. d5 Bc8 16. Ne1 Bg4 17. h3 Bh5 18. g4 Bg6 19. Ng3 Nd7 20. Nf5 Bxf5 21. gxf5 Bg5 22. Qe2 Nb7 23. Nf3 Bxe3+ 24. Qxe3 h6 25. Nh2 Qh4 26. Rf3 Nf6 27. Rg3 Nd8 28. Ng4 Nf7 29. Nxf6+ Qxf6 30. Rg6 Qh4 31. Rf1 Kh7 32. Rf3 Rbd8 33. Rfg3 Rg8 34. R3g4 Qe7 35. Re6 Qf8 36. Qf3 Nh8 37. Rh4 Re8 38. Bf1 Rxe6 39. dxe6 Qf6 40. Rg4 Rf8 41. c4 b4 42. Qd3 Qe7 43. Rg2 Rf6 44. Rd2 g6 45. Qxd6 Qg7 46. Qd7 gxf5+ 47. Qxg7+ Kxg7 48. Rd7+ Kf8 49. e7+ Ke8 50. Rd8+ Kxe7 51. Rxh8 fxe4 52. Rg8 e3 53. Rg3 Rf2 54. Rxe3 Rxa2 55. Rxe5+ Kd6 56. Rd5+ Kc6 57. Bg2 Ra3 58. Rd3+ Kc7 59. Kf2 a5 60. Ke3 a4 61. bxa4 b3 62. Be4 Rxa4 63. Rxb3 Rxc4 64. Bd5 Rh4 65. Be6 c4 66. Rc3 Kd6 67. Bf5 Kc5 68. Kd2 Rf4 69. Bg4 Kd4 70. Be2 Kc5 71. Rg3 Rf6 72. Rg4 Rb6 73. Rxc4+ Kd5 74. Rc3 Ke5 75. Rf3 Rf6 76. Re3+ Kf5 77. Rg3 Rd6+ 78. Bd3+ Kf6 79. Ke3 Kf7 80. h4 Kf8 81. Be4 Rf6 82. h5 Rb6 83. Rg6 Rb3+ 84. Kf4 Rb5 85. Rxh6 Kg7 86. Rg6+ Kh8 87. Bf5 Rb8 88. Kg5 Rg8 89. Be6 Rf8 90. Rh6+ Kg7 91. Rg6+ Kh7 92. Bf5 Kh8 93. h6 Rg8 1/2-1/2

[Event "Heviz op 12th"]
[Site "Heviz"]
[Date "2016.04.09"]
[Round "4"]
[White "Csala, Imre"]
[Black "Radics, Laszlo"]
[Result "1-0"]
[WhiteElo "2104"]
[BlackElo "1957"]
[PlyCount "65"]
[EventDate "2016.04.06"]
[EventType "swiss"]
[EventRounds "9"]
[EventCountry "HUN"]
[SourceTitle "CBM 171 Extra"]
[Source "ChessBase"]
[SourceDate "2016.04.26"]
[SourceVersion "1"]
[SourceVersionDate "2016.04.26"]
[SourceQuality "1"]

1. d3 e5 2. g3 g6 3. c4 Bg7 4. Nc3 Nc6 5. Bg2 d6 6. h4 h5 7. Nd5 Be6 8. Bg5 f6 9. Bd2 Nge7 10. Qa4 Qd7 11. e3 Bxd5 12. cxd5 Nd8 13. Qb3 0-0 14. Ne2 Kh8 15. Nc3 c5 16. a4 Ng8 17. Bh3 Qe7 18. Ne4 Bh6 19. f4 Nf7 20. 0-0-0 f5 21. Ng5 Nxg5 22. hxg5 Bg7 23. g4 fxg4 24. Bxg4 Qe8 25. f5 Rxf5 26. Bxf5 gxf5 27. e4 Ne7 28. Rdf1 f4 29. Qd1 Kg8 30. Rxh5 Rb8 31. g6 b5 32. Qg4 Qxg6 33. Rg5 1-0

[Event "HUN-chT2 Toth 1516"]
[Site "Hungary"]
[Date "2016.03.20"]
[Round "9.8"]
[White "Vanya, Janos"]
[Black "Radics, Laszlo"]
[Result "1/2-1/2"]
[WhiteElo "1910"]
[BlackElo "1901"]
[PlyCount "24"]
[EventDate "2015.09.13"]
[EventType "team-tourn"]
[EventRounds "11"]
[EventCountry "HUN"]
[SourceTitle "EXT 2017"]
[Source "ChessBase"]
[SourceDate "2016.10.25"]
[SourceVersion "1"]
[SourceVersionDate "2016.10.25"]
[SourceQuality "1"]
[WhiteTeam "Maroczy II"]
[BlackTeam "Szentes Integral"]
[WhiteTeamCountry "HUN"]
[BlackTeamCountry "HUN"]

1. d4 f5 2. c4 Nf6 3. g3 e6 4. Bg2 c6 5. Nf3 d5 6. b3 Be7 7. 0-0 0-0 8. Bb2 Bd7 9. Nc3 Be8 10. Ng5 Qd7 11. f3 h6 12. Nh3 g5 1/2-1/2

[Event "HUN-chT2 Barcza 1516"]
[Site "Hungary"]
[Date "2015.09.13"]
[Round "1.4"]
[White "Radics, Laszlo"]
[Black "Zabiak, Jozsef"]
[Result "1/2-1/2"]
[WhiteElo "1993"]
[BlackElo "2156"]
[PlyCount "26"]
[EventDate "2015.09.13"]
[EventType "team-tourn"]
[EventRounds "11"]
[EventCountry "HUN"]
[SourceTitle "CBM 170 Extra"]
[Source "ChessBase"]
[SourceDate "2016.02.25"]
[SourceVersion "1"]
[SourceVersionDate "2016.02.25"]
[SourceQuality "1"]
[WhiteTeam "Tiszavasvar"]
[BlackTeam "SSASSE"]
[WhiteTeamCountry "HUN"]
[BlackTeamCountry "HUN"]

1. e4 e5 2. Nf3 Nc6 3. d4 exd4 4. Bc4 Qe7 5. 0-0 d6 6. c3 dxc3 7. Nxc3 Bg4 8. Qb3 0-0-0 9. Re1 Na5 10. Qa4 Nxc4 11. Qxc4 Bxf3 12. gxf3 Qd7 13. Be3 Kb8 1/2-1/2

[Event "HUN-chT2 Toth 1415"]
[Site "Hungary"]
[Date "2015.03.01"]
[Round "9.7"]
[White "Radics, Laszlo"]
[Black "Egyed, Viktoria"]
[Result "1/2-1/2"]
[WhiteElo "1900"]
[BlackElo "1851"]
[PlyCount "103"]
[EventDate "2014.09.07"]
[EventType "team-tourn"]
[EventRounds "11"]
[EventCountry "HUN"]
[SourceTitle "EXT 2016"]
[Source "ChessBase"]
[SourceDate "2015.10.08"]
[SourceVersion "1"]
[SourceVersionDate "2015.10.08"]
[SourceQuality "1"]
[WhiteTeam "Szentes"]
[BlackTeam "Karcag"]
[WhiteTeamCountry "HUN"]
[BlackTeamCountry "HUN"]

1. d4 Nf6 2. Bg5 g6 3. Nd2 Bg7 4. e3 0-0 5. f4 d6 6. Ngf3 Re8 7. Bc4 Nbd7 8. 0-0 e5 9. fxe5 dxe5 10. c3 Qe7 11. Qc2 c6 12. h3 b5 13. Bb3 c5 14. Bd5 Rb8 15. dxe5 Nxe5 16. e4 Rb6 17. a4 Qd6 18. Bxf6 Bxf6 19. axb5 Bb7 20. c4 Ra8 21. Nxe5 Qxe5 22. Ra2 Bxd5 23. exd5 Rbb8 24. Nf3 Qe3+ 25. Qf2 Qb3 26. Ra6 Qxb2 27. Qxb2 Bxb2 28. Ng5 f6 29. Ne6 Rb6 30. Ra2 Be5 31. Kh1 Rb7 32. Rc1 Rc8 33. Ra6 Bb2 34. Rc2 Be5 35. Rca2 Bb8 36. g4 Kf7 37. Rc6 Rxc6 38. Nd8+ Ke7 39. Nxc6+ Kd6 40. Nxb8 Rxb8 41. Rxa7 Ke5 42. Rxh7 Kd4 43. d6 Kxc4 44. Rf7 Kxb5 45. Rxf6 g5 46. d7 Rd8 47. Rd6 c4 48. Kg2 Kc5 49. Rd1 Kc6 50. Rd4 Kc5 51. Rd1 Kc6 52. Rd4 1/2-1/2

[Event "HUN-chT2 Barcza 1415"]
[Site "Hungary"]
[Date "2014.11.16"]
[Round "4.5"]
[White "Radics, Laszlo"]
[Black "Hunko, Gyorgy"]
[Result "1/2-1/2"]
[WhiteElo "1971"]
[BlackElo "1986"]
[PlyCount "101"]
[EventDate "2014.09.07"]
[EventType "team-tourn"]
[EventRounds "11"]
[EventCountry "HUN"]
[SourceTitle "EXT 2016"]
[Source "ChessBase"]
[SourceDate "2015.10.08"]
[SourceVersion "1"]
[SourceVersionDate "2015.10.08"]
[SourceQuality "1"]
[WhiteTeam "Tiszavasvar"]
[BlackTeam "Mezokovesd"]
[WhiteTeamCountry "HUN"]
[BlackTeamCountry "HUN"]

1. e4 e5 2. Nf3 Nc6 3. d4 exd4 4. Bc4 d6 5. Nxd4 Bd7 6. Nc3 Nf6 7. f3 Na5 8. Be2 Be7 9. Be3 0-0 10. Qd2 Be6 11. 0-0-0 Nc6 12. g4 Nxd4 13. Bxd4 Nd7 14. f4 Nb6 15. Be3 Qe8 16. g5 Rd8 17. f5 Bc4 18. f6 gxf6 19. gxf6 Bxf6 20. Bh6 Bxe2 21. Qxe2 Qe6 22. Rhg1+ Kh8 23. Bxf8 Bxc3 24. bxc3 Rxf8 25. Qg2 Qh6+ 26. Kb1 Nc4 27. Rd3 Ne5 28. Rg3 Ng6 29. Qf2 b6 30. Rg4 Qg7 31. Qg3 Qe5 32. Qf3 Qe7 33. h4 Ne5 34. Qf5 Nxg4 35. Qxg4 f6 36. Rg3 Qf7 37. Qf5 Rg8 38. Rxg8+ Kxg8 39. Qc8+ Kg7 40. Qg4+ Kh6 41. Qf4+ Kh5 42. Qf5+ Kxh4 43. Qf4+ Kh5 44. Qf5+ Kh6 45. Qf4+ Kg7 46. Qg4+ Qg6 47. Qd7+ Kh6 48. Qxc7 Qxe4 49. Qxd6 Qe1+ 50. Kb2 Kg6 51. Qd3+ 1/2-1/2

[Event "HUN-chT2 Barcza 1415"]
[Site "Hungary"]
[Date "2014.09.07"]
[Round "?"]
[White "Menyhart, Tibor"]
[Black "Radics, Laszlo"]
[Result "1-0"]
[WhiteElo "2112"]
[BlackElo "1971"]
[PlyCount "37"]
[EventDate "2014.09.07"]
[EventType "team-tourn"]
[EventRounds "11"]
[EventCountry "HUN"]
[SourceTitle "EXT 2016"]
[Source "ChessBase"]
[SourceDate "2015.10.08"]
[SourceVersion "1"]
[SourceVersionDate "2015.10.08"]
[SourceQuality "1"]
[WhiteTeam "Debrecen Sakkiskola"]
[BlackTeam "Tiszavasvar"]
[WhiteTeamCountry "HUN"]
[BlackTeamCountry "HUN"]

1. d4 c5 2. d5 Nf6 3. Nc3 g6 4. Nf3 Bg7 5. e4 d6 6. Nd2 Nbd7 7. Nc4 b5 8. Nxb5 Nxe4 9. Qe2 Nef6 10. Nbxd6+ Kf8 11. Nxc8 Rxc8 12. Qf3 Nb6 13. Nxb6 Qxb6 14. Be2 Rd8 15. c4 Qb4+ 16. Bd2 Qxb2 17. Bc3 Qc2 18. 0-0 Qe4 19. Bxf6 1-0

[Event "Balaton op 32nd"]
[Site "Balatonboglar"]
[Date "2014.06.17"]
[Round "4"]
[White "Radics, Laszlo"]
[Black "Morvay, Eszter"]
[Result "1-0"]
[WhiteElo "1920"]
[BlackElo "1602"]
[PlyCount "119"]
[EventDate "2014.06.14"]
[EventType "swiss"]
[EventRounds "9"]
[EventCountry "HUN"]
[SourceTitle "EXT 2015"]
[Source "ChessBase"]
[SourceDate "2014.11.20"]
[SourceVersion "1"]
[SourceVersionDate "2014.11.20"]
[SourceQuality "1"]

1. e4 c5 2. Nc3 e6 3. Nf3 a6 4. d4 cxd4 5. Nxd4 Bc5 6. Nb3 Ba7 7. Bd3 Ne7 8. Bg5 Nbc6 9. Qd2 b5 10. 0-0-0 0-0 11. f4 Re8 12. e5 Na5 13. f5 Nxb3+ 14. axb3 exf5 15. Nd5 d6 16. exd6 Qxd6 17. Nxe7+ Rxe7 18. Bxe7 Qxe7 19. Rhe1 Qf8 20. Re2 Be6 21. Rde1 Rc8 22. Kb1 Bc5 23. Rf1 Rd8 24. Qf4 g6 25. Rd1 a5 26. Red2 Rb8 27. Bxb5 Be7 28. Qf1 Bg5 29. Rd4 Qc5 30. c4 Bf6 31. R4d2 Bg5 32. Rd6 Bf6 33. Qe2 Be5 34. Rc6 Qb4 35. Qxe5 Ra8 36. Rxe6 fxe6 37. Qxe6+ Kg7 38. Qe5+ Kh6 39. Qe3+ Kg7 40. Rd7+ Kf6 41. h4 Rf8 42. Qd4+ Ke6 43. Qd5+ Kf6 44. Qd6+ Qxd6 45. Rxd6+ Kg7 46. c5 Kh6 47. c6 Rc8 48. Rd7 a4 49. bxa4 Kh5 50. Rxh7+ Kg4 51. c7 Kg3 52. Ba6 Rxc7 53. Rxc7 Kxg2 54. Rg7 f4 55. Rxg6+ Kf2 56. h5 f3 57. h6 Ke1 58. h7 f2 59. h8Q f1Q 60. Bxf1 1-0